| 000 | 00489cam a2200169 4500 | ||
|---|---|---|---|
| 001 | 5940 | ||
| 005 | 20181127180600.0 | ||
| 008 | 140129s2013 bt 000 1 eng | ||
| 010 | _a 2013410913 | ||
| 020 | _a9789993694496 | ||
| 100 | 1 |
_aJamtsho, Lingi. _e |
|
| 245 | 1 | 4 |
_aGyalo : _ba tale of a soldier / _cLingi Jamtsho. |
| 264 | 1 |
_aThimphu : _bMiza Books, _c2016. |
|
| 300 |
_a133 pages ; _c20 cm |
||
| 650 |
_aSoldiers -- Bhutan -- Fiction. _v _x _y _z _2 |
||
| 651 |
_aBhutan -- Fiction. _v _x _y _z _2 |
||
| 999 |
_c5016 _d5016 |
||